<?xml version="1.0" encoding="UTF-8"?>
<record
    xmlns:xsi="http://www.w3.org/2001/XMLSchema-instance"
    xsi:schemaLocation="http://www.loc.gov/MARC21/slim http://www.loc.gov/standards/marcxml/schema/MARC21slim.xsd"
    xmlns="http://www.loc.gov/MARC21/slim">

  <leader>01249nam a2200277 i 4500</leader>
  <controlfield tag="001">83119</controlfield>
  <controlfield tag="003">ES-MaACL</controlfield>
  <controlfield tag="005">20250728063125.0</controlfield>
  <controlfield tag="007">t|</controlfield>
  <controlfield tag="008">180601s1921    sp           ||||1| spa d</controlfield>
  <datafield tag="080" ind1=" " ind2=" ">
    <subfield code="a">56:599</subfield>
  </datafield>
  <datafield tag="100" ind1="1" ind2=" ">
    <subfield code="a">Hern&#xE1;ndez-Pacheco, Eduardo,</subfield>
    <subfield code="d">1872-1965</subfield>
    <subfield code="e">aut</subfield>
    <subfield code="9">63012</subfield>
  </datafield>
  <datafield tag="245" ind1="1" ind2="3">
    <subfield code="a">La llanura manchega y sus mam&#xED;feros f&#xF3;siles :</subfield>
    <subfield code="b">(Yacimiento de la Puebla de Almoradier) / por Eduardo Hern&#xE1;ndez-Pacheco</subfield>
  </datafield>
  <datafield tag="260" ind1=" " ind2=" ">
    <subfield code="a">Madrid : </subfield>
    <subfield code="b">Museo Nacional de Ciencias Naturales, </subfield>
    <subfield code="c">1921</subfield>
  </datafield>
  <datafield tag="300" ind1=" " ind2=" ">
    <subfield code="a">43 p&#xE1;ginas, II l&#xE1;minas : </subfield>
    <subfield code="b">ilustraciones ; </subfield>
    <subfield code="c">27 cm</subfield>
  </datafield>
  <datafield tag="490" ind1="1" ind2=" ">
    <subfield code="a">Comisi&#xF3;n de Investigaciones Paleontol&#xF3;gicas y Prehist&#xF3;ricas. Memoria ; </subfield>
    <subfield code="v">28, Serie paleontol&#xF3;gica, 4</subfield>
  </datafield>
  <datafield tag="594" ind1=" " ind2=" ">
    <subfield code="a">Precede al t&#xED;t.: Junta para la Ampliaci&#xF3;n de Estudios e Investigaciones Cient&#xED;ficas</subfield>
  </datafield>
  <datafield tag="650" ind1=" " ind2="7">
    <subfield code="a">Mam&#xED;feros f&#xF3;siles</subfield>
    <subfield code="2">embne</subfield>
    <subfield code="9">241402</subfield>
  </datafield>
  <datafield tag="651" ind1=" " ind2="4">
    <subfield code="a">Castilla-La Mancha-</subfield>
    <subfield code="x">F&#xF3;siles.</subfield>
    <subfield code="9">164890</subfield>
  </datafield>
  <datafield tag="710" ind1="2" ind2=" ">
    <subfield code="a">Museo Nacional de Ciencias Naturales (Espa&#xF1;a)</subfield>
    <subfield code="e">edt</subfield>
    <subfield code="9">5897</subfield>
  </datafield>
  <datafield tag="830" ind1=" " ind2="0">
    <subfield code="a">Comisi&#xF3;n de Investigaciones Paleontol&#xF3;gicas y Prehist&#xF3;ricas. Memoria ;</subfield>
    <subfield code="v">28, Serie paleontol&#xF3;gica, 4</subfield>
    <subfield code="9">183771</subfield>
  </datafield>
  <datafield tag="852" ind1=" " ind2=" ">
    <subfield code="a">ES-MaACL</subfield>
    <subfield code="c">SPB</subfield>
    <subfield code="j">B-13006(4)</subfield>
  </datafield>
  <datafield tag="942" ind1=" " ind2=" ">
    <subfield code="2">udc</subfield>
    <subfield code="c">MONOGRAFIA</subfield>
    <subfield code="n">0</subfield>
  </datafield>
  <datafield tag="999" ind1=" " ind2=" ">
    <subfield code="c">83119</subfield>
    <subfield code="d">83119</subfield>
  </datafield>
  <datafield tag="952" ind1=" " ind2=" ">
    <subfield code="0">0</subfield>
    <subfield code="1">0</subfield>
    <subfield code="4">0</subfield>
    <subfield code="7">0</subfield>
    <subfield code="a">ATENEOM</subfield>
    <subfield code="b">ATENEOM</subfield>
    <subfield code="c">SPB</subfield>
    <subfield code="d">2018-06-01</subfield>
    <subfield code="e">SC</subfield>
    <subfield code="l">0</subfield>
    <subfield code="o">B-13006(4)</subfield>
    <subfield code="p">1198938</subfield>
    <subfield code="r">2023-02-23 00:00:00</subfield>
    <subfield code="w">2023-02-23</subfield>
    <subfield code="y">MONOGRAFIA</subfield>
  </datafield>
</record>
